[Event "Uzes op"]
[Site "Uzes"]
[Date "1989.??.??"]
[Round "8"]
[White "Chaudouard, Christian"]
[Black "Weill, Roland"]
[Result "0-1"]
[WhiteElo "1850"]
[BlackElo "2235"]
[PlyCount "70"]
[EventDate "1989.??.??"]
[EventType "swiss"]
[EventRounds "9"]
[EventCountry "FRA"]
[SourceTitle "EXT 1997"]
[Source "ChessBase"]
[SourceDate "1996.11.15"]
[SourceVersion "1"]
[SourceVersionDate "1996.11.15"]
[SourceQuality "1"]

1. c4 e6 2. d4 b6 3. e4 Bb7 4. Nc3 Bb4 5. d5 Bxc3+ 6. bxc3 e5 7. Qg4 g6 8. Bg5 f6 9. Bd2 Qe7 10. a4 a5 11. Bd3 Na6 12. Be3 Nc5 13. Bxc5 Qxc5 14. Qe2 Nh6 15. Nf3 Nf7 16. 0-0 0-0 17. Rfb1 Qe7 18. Qe3 d6 19. g4 Rae8 20. Re1 Bc8 21. h3 Ng5 22. Nxg5 fxg5 23. Rf1 Rf4 24. f3 h5 25. Kg2 Ref8 26. Be2 Bd7 27. Qd3 Qe8 28. Qc2 R8f6 29. Qd1 Qf8 30. Qe1 Kf7 31. Qd1 Ke7 32. Qe1 Kd8 33. Qd2 Kc8 34. Qc1 hxg4 35. hxg4 Bxg4 0-1